| 000 | 00672nam a2200229Ia 4500 | ||
|---|---|---|---|
| 003 | OSt | ||
| 005 | 20221007074203.0 | ||
| 006 | a|||||r|||| 00| 0 | ||
| 007 | ta | ||
| 008 | 221006b |||||||| |||| 00| 0 eng d | ||
| 024 | _a28,584 | ||
| 037 | _cTextual | ||
| 040 |
_aFLL _cFLL _beng |
||
| 041 |
_2eng _aeng |
||
| 082 | _aZ73:8813z7, J7 | ||
| 100 | _aBickel Alexander M. | ||
| 245 | 0 | _aUnpublished opinions of Mr. Justice Brandeis | |
| 260 |
_aMassachusetts _bThe Belknap Press of Harvard University Press Massachusetts _c1957 |
||
| 300 |
_axii,278p _ccm. |
||
| 942 |
_hZ73:8813z7, J7 _cTEXL _2CC |
||
| 999 |
_c1151473 _d1151473 |
||